History Quiz

Random History or Clickable Quiz

Engliish Dukes and Earls Quiz Stats

 Plays Quiz not verified by Sporcle

Challenge
Share
Tweet
Embed
Score 0/21 Timer 03:00
0 Plays Today
% Correct
Wellington
77.8%
Warwick
75.9%
Cornwall
75.9%
York
70.4%
Clarence
68.5%
Lancaster
66.7%
Norfolk
64.8%
Leicester
63%
Buckingham
57.4%
Essex
57.4%
Kent
57.4%
% Correct
Gloucester
55.6%
Richmond
55.6%
Northumberland
51.9%
Suffolk
50%
March
50%
Derby
48.1%
Somerset
44.4%
Shrewsbury
44.4%
Nottingham
35.2%
Oxford
33.3%

You're not logged in!

Compare scores with friends on all Sporcle quizzes.
OR
Log In

You Might Also Like...

Show Comments

Extras

Top Quizzes Today


Score Distribution

Your Account Isn't Verified!

In order to create a playlist on Sporcle, you need to verify the email address you used during registration. Go to your Sporcle Settings to finish the process.

Report this User

Report this user for behavior that violates our Community Guidelines.

Details: